| 000 | 00827cam a2200277 a 4500 | ||
|---|---|---|---|
| 999 |
_c4066 _d4066 |
||
| 001 | 51292 | ||
| 003 | GBCCL | ||
| 005 | 20241126110510.0 | ||
| 008 | 940707s1994 txu 000 0 eng | ||
| 010 | _a 94028876 | ||
| 020 |
_a0849909813 (hard) : _c$22.99 |
||
| 020 |
_a084991177X (leather ed.) : _c$34.99 |
||
| 035 | _a(OCoLC)30895651 | ||
| 040 |
_aDLC _cDLC _dLBB |
||
| 049 | _aLBBK | ||
| 050 | 0 | 0 |
_aBV4811 _b.S97 1994 |
| 082 | 0 | 0 |
_a242.2 _220 _bSWI |
| 090 |
_aBV4811 _b.S97 1994 |
||
| 100 | 1 |
_aSwindoll, Charles R. _91487 |
|
| 245 | 1 | 4 |
_aThe finishing touch : _bbecoming God's masterpiece : a daily devotional / _cCharles R. Swindoll. |
| 260 |
_aDallas : _bWord Pub., _cc1994. |
||
| 300 |
_a639 p. ; _c25 cm. |
||
| 650 | 0 |
_aDevotional calendars. _91878 |
|
| 650 | 0 |
_aChristian life _xMeditations. _97823 |
|
| 942 |
_2ddc _cBK |
||